Muerte súbita - Españoles que han jugado en Premier League - Estadísticas

Estadísticas generales
  • Esta prueba ha sido intentada 130 veces
    127 desde el último reinicio
  • La puntuación promedio es 20 de 28
Answers on the Grid
Answers color-coded by a green-red scale on the quiz's grid according to % correct below.
Ayoze Pérez
Alejandro Grimaldo
Álex Baena
Álvaro Negredo
Ander Herrera
Ansu Fati
Bryan Gil
César Azpilicueta
Cristian Tello
Dani Ceballos
David Raya
Dean Huijsen
Denis Suárez
Diego Costa
Fernando Torres
Gabri Veiga
Gerard Piqué
Héctor Bellerín
Iago Aspas
Iker Casillas
Jesús Navas
Jesús Vallejo
José Luis Gayà
Joselu Mato
Juan Mata
Kepa Arrizabalaga
Koke
Marc Bartra
Mikel Oyarzabal
Nacho Monreal
Pablo Fornals
Pau Torres
Pepe Reina
Riqui Puig
Roberto Soldado
Saúl Níguez
Sergi Roberto
Unai Simón
Víctor Valdés
Xabi Alonso
 
Estadísticas de respuestas
Respuesta % Correcto
César Azpilicueta
87%
Fernando Torres
86%
Gerard Piqué
84%
Juan Mata
82%
Pepe Reina
82%
David Raya
80%
Kepa Arrizabalaga
80%
Xabi Alonso
79%
Ansu Fati
78%
Dean Huijsen
78%
Diego Costa
77%
Héctor Bellerín
77%
Ander Herrera
75%
Jesús Navas
74%
Iago Aspas
73%
Álvaro Negredo
72%
Ayoze Pérez
72%
Bryan Gil
71%
Nacho Monreal
67%
Pau Torres
67%
Víctor Valdés
65%
Pablo Fornals
60%
Dani Ceballos
59%
Roberto Soldado
58%
Saúl Níguez
58%
Joselu Mato
46%
Denis Suárez
42%
Jesús Vallejo
25%
No se encontraron pruebas coincidentes
Distribución de puntuación
Porcentaje de gente con cada puntuación
Porcentaje por número respondido
Historial de tus puntuaciones
No has intentado esta prueba desde el último reinicio